Dusty May Finals Four Teams - Statistics

General Stats
  • This quiz has been taken 6 times
    5 since last reset
  • The average score is 8 of 10
Answer Stats
Hint Team % Correct
Year 2023
100%
Year 2026
100%
Total Wins 35
100%
Total Wins 37
100%
Final Four Team A Florida Atlantic University
100%
Final Four Team B University of Michigan
100%
Placement 1st Place Champions
75%
Placement Final Four
75%
Best Player Yaxel Lendeborg (Charlie May also accepted)
50%
Best Player Vladislav Goldin
25%
No matching quizzes found
Score Distribution
Percent of People with Each Score
Percentile by Number Answered
Your Score History
You have not taken this quiz since the last reset